Most Hlinkova začnú opravovať v pondelok práce môžu trvať až pol roka

Bibliographic Details
Format: Article
Language:Slovak
PhysicalDescription:Fotogr.
ISSN:1338-659X
Subjects:

MARC

LEADER 00000nab a2200000 a 4500
001 vtls010556110
003 SK-MaSNL
005 20260303085555.0
008 131105c20131026xo drz 0 0slo
038 |a KEVKJB 
040 |a KEVKJB  |b slo  |c KEVKJB  |e AACR2 
041 0 |a slo 
044 |a xo  |c SK 
080 |a 624.2/.8  |2 2001 
245 0 0 |a Most Hlinkova začnú opravovať v pondelok  |b práce môžu trvať až pol roka  |c [autor] (jav) 
300 |b Fotogr. 
650 0 7 |a most Hlinkova (Košice, Slovensko)  |2 kevkjb  |9 1092759 
650 0 7 |a cestné mosty  |2 kevkjb  |9 59043 
651 7 |a Košice (Slovensko)  |2 kevkjb  |9 18694 
773 0 |t Korzár : denník Košického kraja  |g Roč. XVI., č. 250 (26.10.2013), s. 2  |x 1338-659X 
852 |a KEVKJB  |b KIS3GCP 
999 |c 1799720  |d 1801650